Трансформаторы постоянного тока и напряжения для высоковольтных преобразовательных установок

Λεπτομέρειες βιβλιογραφικής εγγραφής
Κύριος συγγραφέας: Белицкая М. С. Марина Сергеевна
Άλλοι συγγραφείς: Лиманов Е. А. Евгений Андреевич
Γλώσσα:Ρωσικά
Έκδοση: Москва, Энергия, 1964
Θέματα:
Μορφή: MixedMaterials Βιβλίο
KOHA link:https://koha.lib.tpu.ru/cgi-bin/koha/opac-detail.pl?biblionumber=72891

MARC

LEADER 00000nam0a2200000 4500
001 72891
005 20231031083931.0
035 |a (RuTPU)RU\TPU\book\77726 
090 |a 72891 
100 |a 20050203d1964 k y0rusy50 ca 
101 0 |a rus 
102 |a RU 
105 |a a z 001zy 
200 1 |a Трансформаторы постоянного тока и напряжения для высоковольтных преобразовательных установок  |f М. С. Белицкая, Е. А. Лиманов 
210 |a Москва  |c Энергия  |d 1964  |a Ленинград 
215 |a 236 с.  |c ил. 
320 |a Библиогр.: с. 236. 
610 1 |a трансформаторы высоковольтные 
610 1 |a трансформаторы постоянного тока 
610 1 |a трансформаторы постоянного напряжения 
610 1 |a преобразовательные устройства 
610 1 |a погрешности 
610 1 |a расчет 
610 1 |a работа 
675 |a 621.314  |v 3 
700 1 |a Белицкая  |b М. С.  |g Марина Сергеевна 
701 1 |a Лиманов  |b Е. А.  |g Евгений Андреевич 
801 1 |a RU  |b 63413507  |c 20050203  |g PSBO 
801 2 |a RU  |b 63413507  |c 20120320  |g PSBO 
942 |c BK